书目信息 |
| 题名: |
米猜·威拉韦耶传
|
|
| 作者: | 达格尼斯 著 ;夏秀玫 译 | |
| 分册: | ||
| 出版信息: | 南京 江苏文艺出版社 2003 |
|
| 页数: | 424页 | |
| 开本: | 20cm | |
| 丛书名: | ||
| 单 册: | ||
| 中图分类: | K833.367 | |
| 科图分类: | ||
| 主题词: | ||
| 电子资源: | ||
| ISBN: | 7-5399-1750-4 | |
| 000 | 00960nam0 22002537 450 | |
| 001 | 192004002859 | |
| 005 | 20070910094908.07 | |
| 010 | @a7-5399-1750-4@dCNY24.80 | |
| 100 | @a20070601d2003 ekmy0chiy0121 ea | |
| 101 | 1 | @achi@ceng |
| 102 | @aCN@b320000 | |
| 105 | @aa z 000yb | |
| 200 | 1 | @a米猜·威拉韦耶传@Ami cai· wei la wei ye chuan@e从安全套到大白菜@f(美) 托马斯·达格尼斯著@g夏秀玫译 |
| 210 | @a南京@c江苏文艺出版社@d2003 | |
| 215 | @a424页@c图@d20cm | |
| 300 | @a其他题名:从安全套到大白菜 | |
| 330 | @a本书的主人公是泰国一位参议员兼社会活动家且多年致力于泰国人口与发展事业,作者真实地记述了他爱国、爱民,为泰国人民的健康与幸福奋斗不息的精神、毅力和经历。 | |
| 517 | 1 | @a从安全套到大白菜@Acong an quan tao dao da bai cai |
| 600 | 0 | @a米猜·威拉韦耶@Ami cai· wei la wei ye@x传记 |
| 690 | @aK833.367@v4 | |
| 701 | 1 | @a达格尼斯@Ada ge ni si@e美@4著 |
| 702 | 0 | @a夏秀玫@Axia xiu mei@4译 |
| 801 | 0 | @aCN@c20070910 |
| 905 | @dK833.367@eD005 | |
| 米猜·威拉韦耶传:从安全套到大白菜/(美) 托马斯·达格尼斯著/夏秀玫译.-南京:江苏文艺出版社,2003 |
| 424页:图;20cm |
| 其他题名:从安全套到大白菜 |
| ISBN 7-5399-1750-4:CNY24.80 |
| 本书的主人公是泰国一位参议员兼社会活动家且多年致力于泰国人口与发展事业,作者真实地记述了他爱国、爱民,为泰国人民的健康与幸福奋斗不息的精神、毅力和经历。 |
| ● |
| 相关链接 |
|
|
|
正题名:米猜·威拉韦耶传
索取号:K833.367/D005
 
预约/预借
| 序号 | 登录号 | 条形码 | 馆藏地/架位号 | 状态 | 备注 |
| 1 | 622138 | 206221382 | 社科库309/309社科库 60排7列2层/ [索取号:K833.367/D005] | 在馆 | |
| 2 | 622139 | 206221391 | 社科库309/309社科库 60排7列2层/ [索取号:K833.367/D005] | 在馆 | |
| 3 | 622140 | 206221408 | 社科库309/309社科库 60排7列2层/ [索取号:K833.367/D005] | 在馆 |